01342nam a2200253 i 4500001000700000003000900007005001700016008004100033040002000074100003300094245031800127260003300445300003200478490006100510505007400571596004900645597004300694598004300737700004000780830006900820852005400889999001900943952012600962167774ES-MaACL20250716063327.0050928s1768 sz af | |||||||| ||fre d aCAM bspa cCAM0 aVoltaire,d1694-1778911572113aLa Henriade en dix chants b: précédée, accompagnée & suivie de toutes les pièces relatives à ce poëme & à la poésie epique en général : auxquelles on a joint Le Temple du gout, les Discours sur l'homme, les Poëmes de Fontenoy, sur Le désastre de Lisbonne, sur la Loi naturelle, &c., &c. aGenève : b[s.n.], c1768. a[2], XXXII, 483 p. ; c4º.1 aCollection complette des oeuvres de M. de Voltaire ; v18 aContiene: Préface pour la Henriade / par M. Marmontel: p. XXI-XXXII aSegún la BN Opale-plus impreso por Cramer. aSign.: [ ]1, a-d4, A-2Z4, 3A-3O4, 3P2. aDato de serie tomado de BN Opale-plus.1 aMarmontel, Jean-François.91295190 aCollection complette des oeuvres de M. de Voltaire ; v19188768 aES-MaACLjR-761 z-- Enc. hol. x Olim: G-6601 c167774d167774 001040708LIBXVIIIaATENEOMbATENEOMcDEPOd2008-01-17eSSCl0oR-761p1176011r2023-02-23 00:00:00w2023-02-23yMONANT